| 000 | 01480nam a2200361 a 4500 | ||
|---|---|---|---|
| 001 | 000115961 | ||
| 003 | CHAP | ||
| 005 | 20220329144555.0 | ||
| 008 | 190822s2019 mx a sm |||||||spa d | ||
| 010 | _a112422 | ||
| 011 | _a113394 | ||
| 040 | _cCHAP | ||
| 090 | _aTesis | ||
| 100 | 1 |
_aAquino Venegas, Mónica Concepción. _9136676 |
|
| 245 | 1 | 0 |
_aEvaluación de híbridos comerciales y experimentales de maíz forrajero (Zea mays L.) en Tlahualilo, Durango / _h[En línea] _cpor Mónica Concepción Aquino Venegas y Gerardo Miguel Corral Morones. |
| 260 |
_aChapingo, Méx. : _bEl autor, _c2019. |
||
| 500 | _aPara ver el contenido del material haga clic en la liga | ||
| 502 | _aTesis (Ing. en Sistemas Agrícolas) -- UACH. Unidad Regional Universitaria de Zonas Áridas | ||
| 502 | _aTesis (Ing. en Sistemas Pecuarios) -- UACH. Unidad Regional Universitaria de Zonas Áridas | ||
| 590 |
_aBATCH-UPD _b05 _c20190823 _lUCH01 _h1257 |
||
| 590 |
_aE8697GMM _b05 _c20190822 _lUCH01 _h1539 |
||
| 590 |
_aE8697GMM _b05 _c20190822 _lUCH01 _h1544 |
||
| 590 |
_aE8697GMM _b05 _c20190823 _lUCH01 _h1256 |
||
| 650 | 1 | 4 |
_aMaíz como forraje _xIrrigación. _9131950 |
| 650 | 1 | 4 |
_aMaíz _xCalidad. _970894 |
| 650 | 1 | 4 |
_aMaíz _xFisiología y morfología. _970958 |
| 650 | 1 | 4 |
_aMaíz _xHíbridos. _970974 |
| 700 | 1 |
_aCorral Morones, Gerardo Miguel. _9136677 |
|
| 856 |
_aFinding aid _uhttp://10.13.5.2/tesis/sist115961.pdf _zTeclea aquí |
||
| 901 | _aBK | ||
| 942 | _cTESIS | ||
| 942 | _n0 | ||
| 999 |
_c112422 _d112422 |
||